Statistics for DanTDM Quiz!

Click here to take the quiz!

General Stats

  • This quiz has been taken 755 times
  • The average score is 10 of 15

Answer Stats

Questions:Answers:% Correct
What game TDM mainly play?Minecraft
93%
What pet TDM has?Pug
88%
What is TDM's real name?Dan
84%
TDM has 1 subscriber. Is this true?No
80%
What is the name of TDM's skeleton-dog?Grim
78%
Is TDM drink from a blue toilet(in real life)?Yes
78%
Is TDM making / maked vlogs?Yes
78%
What is the name of TDM's wife?Jemma
72%
What is the meaning of the name "TDM"?TheDiamondMinecart
71%
What is TDM's second chanel's name?MoreTDM
58%
How many pet(s) TDM has?Two
58%
Where was TDM born?United Kingdom
49%
Who is TDM's best minecraft friend?Trayaurus
35%
What server does TDM often plays?Hypixel
30%
What is the name of TDM's first sword in minecraft modded survival?Denton
5%

Score Distribution

Percentile by Number Answered

Percent of People with Each Score

Your Score History

You have not taken this quiz